Countries That Border Brazil On An Empty Map - Statistics

General Stats
  • This quiz has been taken 185 times
  • The average score is 9 of 10
Answers on the Map
Answers color-coded by a green-red scale on the quiz's map according to % correct below.
 
Answer Stats
Country % Correct
Uruguay
96%
Argentina
95%
Peru
94%
France
93%
Bolivia
92%
Colombia
92%
Suriname
91%
Guyana
90%
Venezuela
89%
Paraguay
88%
No matching quizzes found
Score Distribution
Percent of People with Each Score
Percentile by Number Answered
Your Score History
You have not taken this quiz